Normal view
MARC view
Entry Personal Name
001 - CONTROL NUMBER
- control field: 168582
003 - CONTROL NUMBER IDENTIFIER
- control field: OSt
005 - DATE AND TIME OF LATEST TRANSACTION
- control field: 20220923225311.0
008 - FIXED-LENGTH DATA ELEMENTS
- fixed length control field: 220923|| aca||aabn | a|a d
040 ## - CATALOGING SOURCE
- Original cataloging agency: OSt
- Transcribing agency: OSt
100 ## - HEADING--PERSONAL NAME
- Personal name: भरत मुनि; शर्मा, सत्यप्रकाश, संपा
670 ## - SOURCE DATA FOUND
- Source citation: Work cat.: (OSt)377351: भरत मुनि; शर्मा, सत्यप्रकाश, संपा., नाट्यशास्त्रम, 1978
